Mot mystérieux - Série 69 - Statistiques

Statistiques générales
  • Ce quiz a été pris 88 fois
  • Le résultat moyen est 5 sur 10
Statistiques - réponses
Indices Mot % Correct
claude - petite - prés - neiges reine
81%
lait - mousse - gâteau - belge chocolat
78%
poitevin - salant - Jean - Paris marais
70%
clé - sphinx - Fouras - devinette énigme
68%
rire - obus - verre - coup éclat
66%
chasse - île - templiers - guerre trésor
36%
mariage - baptême - saint - malades sacrement
22%
air - informatique - bateau - coeur pirate
12%
vanille - casier - naissance - compte extrait
10%
bancaire - argent - point - droit retrait
8%
Aucun quiz correspondant
Distribution des résultats
% des personnes avec chaque résultat
Percentile par nombre de réponses
Votre historique - résultats
Vous n’avez pas pris ce quiz